| 000 | 00360nam a2200145Ia 4500 | ||
|---|---|---|---|
| 008 | 230312s9999||||xx |||||||||||||| ||und|| | ||
| 020 | _a81-317-0812-8 | ||
| 082 |
_a621.381 _bSTR-S |
||
| 100 | _aStreetman;ben | ||
| 245 | 0 | _aSolid state electronic devices | |
| 260 |
_bpearson _aindia _c2006 |
||
| 300 | _a579 | ||
| 650 |
_aEngineering _vAvionics |
||
| 942 | _cBK | ||
| 999 |
_c12464 _d12464 |
||